000
00317nam a22001217a 4500
999
_c
5063
_d
5063
008
250516b ||||| |||| 00| 0 eng d
020
_a
9781482450750
082
_a
613.6 SPI
100
_a
SPILSBURY,LOUISE
_e
AUTHOR
245
_a
SURVIVING THE RIVER
260
_a
NEW YORK
_b
GARETH STEVENS PUBLISHING
_c
2017
942
_2
ddc